Colombia, país de bosques y vida : (Registro nro. 4125)

Detalles MARC
000 -CABECERA
Campo de control 00834nam a2200253 i 4500
005 - FECHA Y HORA DE LA ULTIMA TRANSACCION
Campo de control 20191224041724.0
008 - ELEMENTOS DE LONGITUD FIJA—INFORMACION GENERAL
Campo de control 140314s2004 ck ||||| |||| 00| 0 spa d
040 ## - FUENTE DE CATALOGACIÓN
Agencia catalogadora original CO-BoIAVH
Agencia transcriptora CO-BoIAVH
041 ## - IDIOMA
Código de idioma para texto/pista de sonido o título separado Español
044 ## - PAÍS DE PUBLICACIÓN
País de publicación Colombia
082 04 - NUMERO DE CLASIFICACION DECIMAL DEWEY
Número de clasificación 333.7516
Número del ítem C74c
111 2# - ASIENTO PRINCIPAL--NOMBRE DE REUNION
Nombre de reunión o de jurisdicción como elemento de entrada Colombia: País de Bosques y Vida. Conferencia Internacional de Bosques (
Lugar de la reunión Santa Marta
Fecha de la reunión Noviembre 18-20, 2003 )
9 (RLIN) 89698
245 10 - MENCION DE TITULO
Título Colombia, país de bosques y vida :
Parte restante del título Memorias de la Conferencia internacional de Bosques.
260 ## - PUBLICACION, DISTRIBUCION, ETC. (PIE DE IMPRENTA)
Lugar de publicación, distribución, etc. Santamarta :
Nombre del editor, distribuidor, etc. GTZ,
Fecha de publicación, distribución, etc. 2004.
300 ## - DESCRIPCION FISICA
Extensión 542 páginas
650 14 - ASIENTO SECUNDARIO DE MATERIA - TERMINO TEMATICO
Término temático o nombre geográfico como elemento de entrada Conservación de bosques
9 (RLIN) 89699
650 24 - ASIENTO SECUNDARIO DE MATERIA - TERMINO TEMATICO
Término temático o nombre geográfico como elemento de entrada Bosques
9 (RLIN) 92270
650 24 - ASIENTO SECUNDARIO DE MATERIA - TERMINO TEMATICO
Término temático o nombre geográfico como elemento de entrada Agroforestería
9 (RLIN) 476
662 ## - ASIENTO SECUNDARIO DE MATERIA - JERARQUIA DEL NOMBRE DE LUGAR(
País o entidad mayor Colombia
700 1# - ASIENTO SECUNDARIO - NOMBRE PERSONAL
Nombre personal Saile, Peter
9 (RLIN) 21518
700 1# - ASIENTO SECUNDARIO - NOMBRE PERSONAL
Nombre personal Torres, María Angela
9 (RLIN) 21519
942 ## - ELEMENTOS ADICIONALES (KOHA)
Tipo de ítem Libro
Sistema de clasificación Dewey Decimal Classification
945 ## - PROCESAMIENTO LOCAL
AAAA-MM-DD - Fecha de ingreso o modificacion 2004-08-24
Existencias
Withdrawn status Lost status Sistema de Clasificación Damaged status No para préstamo Colección Inventariado Ubicación Permanente Ubicación actual Fecha de adquisición Fuente de Valor Total Checkouts Número topográfico Inventario / Código de Barras Date last seen Ejemplar Price effective from Tipo de material Public note Forma de adquisición
    Dewey Decimal Classification     General Inventariado 2017 Bogotá Bogotá 24/08/2004 Guerrero, Alicia   LB-333.7516 C74c 016583 04/12/2012 Ej.1 04/12/2012 Libro Incluye 1 CD (CID-042192)  
    Dewey Decimal Classification     General Inventariado 2017 Sala Fabio Quevedo Sala Fabio Quevedo 23/02/2005 Guerrero, Alicia   LB-333.7516 C74c 017101 04/12/2012 Ej. 2 04/12/2012 Libro   Donación
    Local     General   Villa de Leyva Villa de Leyva 03/02/2006     LB-03825 022988 04/12/2012 Ej. 3 04/12/2012 Libro Conferencia internacional de bosques Colombia